Biznes uslugi v desjati novych stranach - členach Evrosojuza

Charakteristika a význam obchodných služieb. Podiel obchodných služieb na tvorbe HDP v nových členských krajinách Európskej únie. Medzinárodný obchod s obchodnými službami v nových členských krajinách EÚ.

Gespeichert in:
Bibliographische Detailangaben
1. Verfasser: Michalová, Valéria
Weitere Verfasser: Holubcová, Ivana, 1982-
Format: Buchkapitel
Sprache:Russisch
Schlagworte:
Tags: Tag hinzufügen
Keine Tags, Fügen Sie das erste Tag hinzu!

MARC

LEADER 00000naa$a2200000$$$4500
001 0059228
005 20240502083141.5
041 0 |a rus 
044 |a RU 
245 1 0 |a Biznes uslugi v desjati novych stranach - členach Evrosojuza  |c Valéria Michalová, Ivana Holubcová 
520 |a Charakteristika a význam obchodných služieb. Podiel obchodných služieb na tvorbe HDP v nových členských krajinách Európskej únie. Medzinárodný obchod s obchodnými službami v nových členských krajinách EÚ. 
610 2 0 |a služby obchodné 
610 2 0 |a služby technické 
610 2 0 |a služby informačné 
610 2 0 |a obchod medzinárodný 
610 2 0 |a produkt domáci hrubý 
610 2 0 |a krajiny tranzitívne 
610 2 0 |a Európska únia 
100 1 |a Michalová, Valéria 
700 1 |a Holubcová, Ivana, 1982-